| 000 | 00534cam a2200193ua 4500 | ||
|---|---|---|---|
| 020 |
_a3-540-19564-7 _c6710.00 |
||
| 041 |
_aeng _h |
||
| 082 |
_a624.151 36 _bKLA/FU |
||
| 100 | _aKlausner, Yehuda . | ||
| 245 |
_aFundamentals of continuous mechanics of soils with 210 figures / _cYehuda Klausner. _hTextual Documents |
||
| 250 |
_a1 / _b. |
||
| 260 |
_aNew York : _bSpringer Verlag , _c1991. |
||
| 300 | _a608 ; . | ||
| 365 | _a6710.00 | ||
| 500 | _a** Reference | ||
| 504 | _a | ||
| 942 | _cBK | ||
| 999 |
_c10435 _d10435 |
||